RELIK 2020 Conference Proceedings

Salvato in:
Dettagli Bibliografici
Ente Autore: RELIK 2020. International Scientific Conference
Altri autori: Langhamrová, Jitka, Vrabcová, Jana
Natura: Libro
Lingua:inglese
slovacco
ceco
Pubblicazione: Praha Prague University of Economics and Business 2020
Edizione:1st Edition
Soggetti:
Tags: Aggiungi Tag
Nessun Tag, puoi essere il primo ad aggiungerne!!

MARC

LEADER 00000nlm a2200000 4500
001 0270508
005 20240822101715.3
020 |a 978-80-245-2394-1 
041 0 |a eng 
041 0 |a slo 
041 0 |a cze 
044 |a CZ 
245 1 0 |a RELIK 2020  |b Conference Proceedings  |c Edited by: Jitka Langhamrová, Jana Vrabcová 
250 |a 1st Edition 
264 1 |a Praha  |b Prague University of Economics and Business  |c 2020 
300 |a [687 s.] 
610 2 0 |a demografia 
610 2 0 |a zdroje ľudské 
610 2 0 |a kapitál ľudský 
610 2 0 |a starnutie populácie 
610 2 0 |a regióny 
700 1 |a Langhamrová, Jitka 
700 1 |a Vrabcová, Jana 
110 2 |a RELIK 2020. International Scientific Conference